000 00783cam a2200253 a 4500
001 000017670
005 20200929165205.0
008 890912s1944 ag a 000 f spa d
020 _a8437604982
035 _a(DLC) 89872606
040 _aDO-SdBNP
_bspa
_cDLC
_dDLC
_dBNPHU
082 _a863.5
_bA996r, 1944
100 0 _aAzorín,
_q(José Augusto Trinidad Martínez Ruiz),
_d1873-1967.
_914129
245 1 3 _aLa ruta de Don Quijote /
_cAzorín.
250 _a3a ed.
260 _aBuenos Aire :
_bLosada,
_cc1944.
300 _a170 p. ;
_c18 cm.
490 1 _aBiblioteca contenporánea
_v214
650 4 _aNovela española
_91123
650 4 _aLiteratura española
_9632
830 0 _aBiblioteca contenporánea ;
_v214
_938490
910 _aCatalogación derivada
049 _aBNGR
999 _c17195
_d17195